[Event "XXXVI Capablanca Mem Premier II"]
[Site "Havana CUB"]
[Date "2001.05.05"]
[Round "1"]
[White "Gonzalez,Y"]
[Black "De la Paz,F"]
[Result "1/2-1/2"]
[WhiteElo "2426"]
[BlackElo "2437"]
[EventDate "2001.05.05"]

1. e4 e5 2. Nf3 Nc6 3. Bb5 a6 4. Ba4 Nf6 5. O-O Be7 6. Re1 b5 7. Bb3 O-O 8.
d3 d6 9. a3 h6 10. Nbd2 Re8 11. c3 Bf8 12. d4 Bb7 13. Bc2 Nb8 14. b3 Nbd7
15. Bb2 g6 16. a4 Bg7 17. Bd3 bxa4 18. Rxa4 exd4 19. cxd4 d5 20. e5 Ne4 21.
Qa1 Nxd2 22. Nxd2 c5 23. f4 cxd4 24. Bxd4 Nf8 25. Nf3 Ne6 26. f5 Nxd4 27.
Qxd4 gxf5 28. Bxf5 Qe7 29. h3 Bc6 30. Ra2 Qa7 31. Qxa7 Rxa7 32. Bd3 a5 33.
Rea1 Bxe5 34. Rxa5 Rxa5 35. Rxa5 Bf4 36. b4 Re3 37. Bb5 Bxb5 38. Rxb5 Rb3
39. Rxd5 Bg3 40. Rd1 Rxb4 1/2-1/2

[Event "XXXVI Capablanca Mem Premier II"]
[Site "Havana CUB"]
[Date "2001.05.05"]
[Round "1"]
[White "Matamoros Franco,C"]
[Black "Wohl,A"]
[Result "1/2-1/2"]
[WhiteElo "2467"]
[BlackElo "2418"]
[EventDate "2001.05.05"]

1. c4 e6 2. g3 Nf6 3. Bg2 d5 4. Nf3 Be7 5. b3 a5 6. Bb2 O-O 7. O-O Nbd7 8.
Nc3 Re8 9. d4 c6 10. Qc2 Bb4 11. Nd2 Rb8 12. e4 dxc4 13. Nxc4 b5 14. Ne3
Ba6 15. Rfc1 Rc8 16. e5 Nd5 17. Ncxd5 cxd5 18. Qd1 1/2-1/2

[Event "XXXVI Capablanca Mem Premier II"]
[Site "Havana CUB"]
[Date "2001.05.05"]
[Round "1"]
[White "Perez Candelario,M"]
[Black "Otero,D"]
[Result "1/2-1/2"]
[WhiteElo "2397"]
[BlackElo "2416"]
[EventDate "2001.05.05"]

1. e4 e5 2. Nf3 Nc6 3. Bb5 a6 4. Ba4 d6 5. c3 Bd7 6. d4 Nf6 7. O-O Be7 8.
Nbd2 O-O 9. Re1 Re8 10. Nf1 Bf8 11. Ng3 h6 12. h3 g6 13. Nh2 Bg7 14. d5 Nb8
15. Bb3 a5 16. a4 Na6 17. f4 exf4 18. Bxf4 Nc5 19. Bc2 b5 20. axb5 Bxb5 21.
Nf3 a4 22. Nd4 Bc4 23. Bxa4 Rxa4 24. Rxa4 Nxa4 25. Qxa4 Bxd5 26. Nb5 Qd7
27. Qa5 Ra8 28. Qxc7 Qxb5 29. exd5 Nxd5 30. Qxd6 Nxf4 31. Qxf4 Qxb2 32. Rf1
f5 33. Qd6 Ra2 34. Qd5+ Kh7 35. Nxf5 1/2-1/2

[Event "XXXVI Capablanca Mem Premier II"]
[Site "Havana CUB"]
[Date "2001.05.05"]
[Round "1"]
[White "Perez,Lu"]
[Black "Gomez,Fe"]
[Result "1/2-1/2"]
[WhiteElo "2386"]
[BlackElo "2462"]
[EventDate "2001.05.05"]

1. e4 e5 2. Nf3 Nc6 3. d4 exd4 4. Bc4 Nf6 5. Ng5 d5 6. exd5 Ne5 7. Bb3 Bb4+
8. c3 dxc3 9. O-O O-O 10. Qd4 Bd6 11. Nxc3 Bf5 12. Bf4 Ng6 13. Bxd6 Qxd6
14. Rfe1 Ng4 15. Nf3 Nh4 16. Ne5 c5 17. Qf4 a6 18. Qg3 Nxe5 19. Rxe5 Bg6
20. Ree1 Nf5 21. Ne4 1/2-1/2

[Event "XXXVI Capablanca Mem Premier II"]
[Site "Havana CUB"]
[Date "2001.05.05"]
[Round "1"]
[White "Zapata,A"]
[Black "Herrera,I"]
[Result "1-0"]
[WhiteElo "2492"]
[BlackElo "2432"]
[EventDate "2001.05.05"]

1. e4 c5 2. Nf3 d6 3. d4 cxd4 4. Nxd4 Nf6 5. Nc3 a6 6. Bc4 e6 7. O-O b5 8.
Bb3 Be7 9. Qf3 Qb6 10. Bg5 Nbd7 11. Rad1 b4 12. Na4 Qb7 13. Rfe1 O-O 14.
Qg3 Re8 15. f3 Ne5 16. f4 Nc6 17. Nf3 Qc7 18. c3 a5 19. Kh1 Bb7 20. e5 dxe5
21. fxe5 Nh5 22. Qg4 g6 23. Bxe6 fxe6 24. Qxe6+ Kh8 25. Rd7 Bc8 26. Rxc7
Bxe6 27. Rxc6 Bxg5 28. Nb6 Ra6 29. Nxg5 Bxa2 30. cxb4 axb4 31. Kg1 Nf4 32.
Rd6 Bg8 33. g3 Ne6 34. Ne4 Nd4 35. Rxd4 Rxb6 36. Rd6 Rb5 37. Nf6 Rf8 38. e6
Rxf6 39. Rd8 Kg7 40. e7 Bf7 41. Rf8 1-0

[Event "XXXVI Capablanca Mem Premier II"]
[Site "Havana CUB"]
[Date "2001.05.05"]
[Round "1"]
[White "Almeida,O"]
[Black "Arizmendi Martinez,J"]
[Result "1-0"]
[WhiteElo "2426"]
[BlackElo "2478"]
[EventDate "2001.05.05"]

1. d4 Nf6 2. c4 g6 3. Nc3 Bg7 4. e4 d6 5. Nf3 O-O 6. h3 Na6 7. Bg5 Qe8 8.
g4 c5 9. Qd2 cxd4 10. Nxd4 Nc5 11. Bg2 Ne6 12. Be3 a6 13. Nde2 Rb8 14. a4
Nc5 15. Ra3 Be6 16. b3 Qc8 17. O-O h5 18. g5 Nfxe4 19. Nxe4 Nxe4 20. Bxe4
Bxh3 21. Nf4 Bxf1 22. Kxf1 Qg4 23. f3 Qd7 24. a5 e6 25. Qd3 Qe7 26. Ra2
Rfd8 27. Rg2 Rd7 28. Bb6 Re8 29. Kg1 Be5 30. Qd2 Bg7 31. Kh1 Be5 32. Nd3
Bg7 33. Re2 Bh8 34. f4 Bg7 35. Bf3 e5 36. Bd5 Qf8 37. fxe5 Bxe5 38. Nxe5
dxe5 39. Qd3 Qd6 40. Rf2 Kg7 41. Qf3 Qe7 42. Qe3 Qa3 43. Rf6 Qa1+ 44. Kg2
Qd1 45. Qf3 Qd2+ 46. Kh3 Qxg5 47. Rxf7+ Rxf7 48. Qxf7+ Kh6 49. Qxe8 Qg4+
50. Kh2 Qf4+ 51. Kg2 Qg5+ 52. Kf3 Qf5+ 53. Ke3 1-0

[Event "XXXVI Capablanca Mem Premier II"]
[Site "Havana CUB"]
[Date "2001.05.06"]
[Round "2"]
[White "De la Paz,F"]
[Black "Arizmendi Martinez,J"]
[Result "1/2-1/2"]
[WhiteElo "2437"]
[BlackElo "2478"]
[EventDate "2001.05.05"]

1. e4 c5 2. Nf3 e6 3. c3 Nf6 4. e5 Nd5 5. Bc4 Nb6 6. Bb3 d6 7. d4 cxd4 8.
cxd4 dxe5 9. Nxe5 N8d7 10. Qe2 Nf6 11. O-O Be7 12. Rd1 O-O 13. Nc3 Bd7 14.
d5 Nbxd5 15. Nxd5 exd5 16. Bxd5 Nxd5 17. Rxd5 Bg4 18. Qc4 Qxd5 19. Qxd5
Rad8 20. Qb3 Rd1+ 21. Qxd1 Bxd1 22. Be3 Rd8 23. Bxa7 Bf6 24. Bb6 Rd5 25.
Rc1 h6 26. Nc4 Be2 27. b3 Bxc4 28. bxc4 Rd2 29. a4 Ra2 30. a5 Bc3 31. g3
Bxa5 32. Bd4 Bd2 33. Rd1 Rc2 34. Bb6 Rc1 1/2-1/2

[Event "XXXVI Capablanca Mem Premier II"]
[Site "Havana CUB"]
[Date "2001.05.06"]
[Round "2"]
[White "Gomez,Fe"]
[Black "Zapata,A"]
[Result "1/2-1/2"]
[WhiteElo "2462"]
[BlackElo "2492"]
[EventDate "2001.05.05"]

1. d4 Nf6 2. c4 g6 3. Nc3 Bg7 4. Nf3 O-O 5. h3 d5 6. cxd5 Nxd5 7. e4 Nxc3
8. bxc3 c5 9. Be3 Qa5 10. Qd2 Nc6 11. Rd1 Rd8 12. Bc4 b5 13. Bd5 Bb7 14.
O-O e6 15. Bxc6 Bxc6 16. Qc2 Rac8 17. Bg5 Rd7 18. Ne5 cxd4 19. cxd4 Bb7 20.
Qe2 Rdc7 21. Ng4 b4 22. Qe3 Bxe4 23. Bf4 Rc6 24. Be5 f5 25. Bxg7 Kxg7 26.
Qh6+ Kh8 27. Ne5 Kg8 28. h4 R6c7 29. h5 Rg7 30. hxg6 hxg6 31. Rc1 Rc3 32.
f3 Qd8 33. Rxc3 bxc3 34. Qe3 Bd5 35. Qxc3 Bxa2 36. Qe3 g5 37. Rc1 Bd5 38.
Rc5 Kh7 39. Qc1 g4 40. fxg4 Be4 41. Qe3 Qh4 42. Qh3 Qxh3 43. gxh3 fxg4 44.
hxg4 Bf5 45. Kf2 Bxg4 46. Nxg4 Rxg4 47. Ke3 Kg6 1/2-1/2

[Event "XXXVI Capablanca Mem Premier II"]
[Site "Havana CUB"]
[Date "2001.05.06"]
[Round "2"]
[White "Otero,D"]
[Black "Perez,Lu"]
[Result "1/2-1/2"]
[WhiteElo "2416"]
[BlackElo "2386"]
[EventDate "2001.05.05"]

1. e4 c5 2. Nf3 d6 3. d4 cxd4 4. Nxd4 Nf6 5. Nc3 Nc6 6. Bc4 e6 7. Be3 Be7
8. Qe2 a6 9. O-O-O Qc7 10. Bb3 O-O 11. g4 Nd7 12. Rhg1 Nc5 13. g5 b5 14.
Qh5 b4 15. Nxc6 Nxb3+ 16. axb3 Qxc6 17. Rd4 bxc3 18. e5 Bd7 19. Rh4 h6 20.
gxh6 g6 21. Rxg6+ Kh8 22. Rg1 Bxh4 23. Qxh4 f6 24. h7 Qf3 25. Bh6 Rf7 26.
exf6 Rxh7 27. Bg7+ Kg8 28. Bf8+ Kh8 29. Bg7+ Kg8 1/2-1/2

[Event "XXXVI Capablanca Mem Premier II"]
[Site "Havana CUB"]
[Date "2001.05.06"]
[Round "2"]
[White "Wohl,A"]
[Black "Perez Candelario,M"]
[Result "1-0"]
[WhiteElo "2418"]
[BlackElo "2397"]
[EventDate "2001.05.05"]

1. e4 c5 2. Nf3 e6 3. d4 cxd4 4. Nxd4 Nf6 5. Nc3 Nc6 6. Ndb5 Bb4 7. a3
Bxc3+ 8. Nxc3 d5 9. exd5 exd5 10. Bd3 O-O 11. O-O d4 12. Ne2 Re8 13. Bg5
Re5 14. Bh4 Bf5 15. f4 Rd5 16. Bxf5 Rxf5 17. Ng3 Rd5 18. Ne4 Kh8 19. Nxf6
gxf6 20. Qf3 Rd6 21. Rad1 Qb6 22. b4 a5 23. Qh5 axb4 24. Qxf7 d3+ 25. Kh1
Nd4 26. Rxd3 bxa3 27. Rh3 h6 28. Bf2 f5 29. Rg3 1-0

[Event "XXXVI Capablanca Mem Premier II"]
[Site "Havana CUB"]
[Date "2001.05.06"]
[Round "2"]
[White "Gonzalez,Y"]
[Black "Matamoros Franco,C"]
[Result "0-1"]
[WhiteElo "2426"]
[BlackElo "2467"]
[EventDate "2001.05.05"]

1. e4 e6 2. d4 d5 3. e5 c5 4. c3 Qb6 5. Nf3 Nc6 6. Be2 cxd4 7. cxd4 Nh6 8.
b3 Nf5 9. Bb2 Bb4+ 10. Kf1 O-O 11. a3 Be7 12. b4 f6 13. g4 Nh6 14. exf6
Rxf6 15. Rg1 Bd7 16. Nbd2 Rf4 17. h3 Raf8 18. Nb3 Be8 19. Bc1 Re4 20. Bd3
e5 21. Rg2 Bg6 22. Nc5 Nxd4 23. Bxe4 dxe4 24. Nxe5 Qb5+ 25. Kg1 Rd8 26. Kh1
Nf3 27. Qb3+ Bf7 28. Bxh6 Bxb3 0-1

[Event "XXXVI Capablanca Mem Premier II"]
[Site "Havana CUB"]
[Date "2001.05.07"]
[Round "3"]
[White "Matamoros Franco,C"]
[Black "De la Paz,F"]
[Result "1/2-1/2"]
[WhiteElo "2467"]
[BlackElo "2437"]
[EventDate "2001.05.05"]

1. c4 Nf6 2. g3 g6 3. Bg2 Bg7 4. Nc3 O-O 5. Nf3 d6 6. O-O Bg4 7. h3 Bxf3 8.
Bxf3 Qc8 9. Bg2 c5 10. a3 Nc6 11. Rb1 e6 12. d3 Rd8 13. b4 cxb4 14. axb4 d5
15. cxd5 exd5 16. Bg5 Qe6 17. b5 Ne7 18. e3 d4 19. exd4 h6 20. Re1 Qd7 21.
Bd2 Nf5 22. d5 Ne7 23. Qb3 Kh7 24. d6 Nf5 25. Ne4 Nxe4 26. dxe4 Nd4 27. Qd5
Qxd6 28. Qxf7 Rd7 29. Bf4 Rxf7 30. Bxd6 Re8 31. e5 Nf5 32. h4 Nxd6 33. exd6
Rxe1+ 34. Rxe1 Rd7 35. Re7 Rxd6 36. Rxb7 Rb6 37. Rxa7 Rxb5 38. Be4 Rb4 39.
Re7 h5 40. Re6 Bf6 41. Kg2 Kg7 42. Kf3 Rb3+ 43. Kf4 Rb2 44. Ke3 Rb3+ 45.
Bd3 Rb7 46. Rc6 Re7+ 47. Be4 Ra7 48. Kf3 Ra3+ 49. Kg2 Ra7 50. Kh3 Ra3 51.
Rc7+ Kh6 52. Rd7 Rc3 53. Bd3 Rc1 54. Be4 Rc4 55. f3 Ra4 56. Rb7 Rd4 57. Bc2
Rc4 58. Bd3 Rd4 59. Bb1 Rc4 60. Rf7 Rc6 61. Be4 Rb6 62. Bd5 Rd6 63. Bc4 Rc6
64. Bf1 Rb6 65. Bd3 Rd6 66. Be4 Rb6 67. Rd7 Re6 68. Bd3 Re1 69. Bc4 Re3 70.
Kg2 Re7 71. Rd6 Kg7 72. Bd3 Rb7 73. Kh3 Re7 74. Be4 Re5 75. Kg2 Re7 76. Kh3
1/2-1/2

[Event "XXXVI Capablanca Mem Premier II"]
[Site "Havana CUB"]
[Date "2001.05.07"]
[Round "3"]
[White "Perez Candelario,M"]
[Black "Gonzalez,Y"]
[Result "1/2-1/2"]
[WhiteElo "2397"]
[BlackElo "2426"]
[EventDate "2001.05.05"]

1. e4 c5 2. Nf3 d6 3. d4 cxd4 4. Nxd4 Nf6 5. Nc3 g6 6. Be3 Bg7 7. f3 O-O 8.
Qd2 Nc6 9. O-O-O d5 10. exd5 Nxd5 11. Nxc6 bxc6 12. Bd4 e5 13. Bc5 Be6 14.
Ne4 Re8 15. h4 h6 16. g4 a5 17. a4 Qc7 18. g5 h5 19. Bc4 Red8 20. Qh2 Rab8
21. b3 Bf5 22. Rd2 Rd7 23. Rhd1 Rbd8 24. Qf2 Qb8 25. Ba3 Qa8 26. Bb2 Qb8
27. Qc5 Qa8 28. Qf2 Qb8 29. Nc5 Rd6 30. Ne4 R6d7 31. Rd3 Qc7 32. Qc5 Bf8
33. Qg1 Bg7 34. R1d2 Kh7 35. Qd1 Qa7 36. Qe1 Kg8 37. Kb1 Kh7 38. Kc1 Kg8
39. Kb1 Kh7 40. Kc1 1/2-1/2

[Event "XXXVI Capablanca Mem Premier II"]
[Site "Havana CUB"]
[Date "2001.05.08"]
[Round "4"]
[White "De la Paz,F"]
[Black "Bellon Lopez,JM"]
[Result "1/2-1/2"]
[WhiteElo "2437"]
[BlackElo "2429"]
[EventDate "2001.05.05"]

1. e4 c5 2. Nf3 Qc7 3. d4 cxd4 4. Nxd4 a6 5. Bd3 e6 6. O-O Nc6 7. Be3 Nf6
8. Nc3 Ne5 9. Nf3 Nfg4 10. Nxe5 Nxe3 11. Qh5 g6 12. Qf3 Qxe5 13. fxe3 f6
14. Qxf6 Qxf6 15. Rxf6 Bg7 16. Rf3 b5 17. Rb1 Bb7 18. Ne2 d5 19. exd5 Bxd5
20. e4 Bxa2 21. Ra1 Bc4 22. Bxc4 bxc4 23. c3 Ke7 24. Ra4 Rhc8 25. Rf1 a5
26. Rfa1 Rc5 27. Nd4 Rb8 28. R1a2 Bxd4+ 29. cxd4 Rcb5 30. Rxc4 Rxb2 31.
Rxa5 Re2 32. h4 Rxe4 33. Ra7+ Kf6 34. Rxh7 Rb2 35. Rc3 Rxd4 36. Rf3+ Ke5
37. Rg3 Rbb4 38. Rg5+ Kd6 39. Rxg6 Rxh4 40. Rxh4 Rxh4 41. Kf2 1/2-1/2

[Event "XXXVI Capablanca Mem Premier II"]
[Site "Havana CUB"]
[Date "2001.05.08"]
[Round "4"]
[White "Herrera,I"]
[Black "Arizmendi Martinez,J"]
[Result "1/2-1/2"]
[WhiteElo "2432"]
[BlackElo "2478"]
[EventDate "2001.05.05"]

1. e4 c5 2. Nf3 e6 3. d4 cxd4 4. Nxd4 Nf6 5. Nc3 Nc6 6. Nxc6 bxc6 7. e5 Nd5
8. Ne4 Bb7 9. Be2 c5 10. O-O Qc7 11. Nd6+ Bxd6 12. exd6 Qc6 13. f3 O-O 14.
c4 Nb6 15. Bd3 Rae8 16. Re1 e5 17. Qc2 e4 18. Bxe4 Qxd6 19. Bxh7+ Kh8 20.
Rd1 Qe5 21. Bd3 d5 22. Qf2 Kg8 23. cxd5 c4 24. Bf1 Bxd5 25. Rb1 Re6 26. Bd2
Na4 27. Bc3 Nxc3 28. bxc3 Rh6 29. h3 Be6 30. Rd4 Qa5 31. Qd2 Rg6 32. Kh1
Rg5 33. Re1 Rc8 34. Rb1 Rd5 35. Rxd5 Bxd5 36. Rd1 Be6 37. a4 a6 38. Qf4 Qc5
39. Qd2 Qe5 40. Rb1 Qa5 41. Rb4 Qe5 1/2-1/2

[Event "XXXVI Capablanca Mem Premier II"]
[Site "Havana CUB"]
[Date "2001.05.08"]
[Round "4"]
[White "Gomez,Fe"]
[Black "Almeida,O"]
[Result "0-1"]
[WhiteElo "2462"]
[BlackElo "2426"]
[EventDate "2001.05.05"]

1. d4 Nf6 2. Nf3 g6 3. Bg5 Bg7 4. Nbd2 d5 5. e3 O-O 6. Bd3 c5 7. c3 b6 8.
O-O Nc6 9. h3 Bf5 10. Bb5 Na5 11. b4 a6 12. Be2 Nb7 13. g4 Bd7 14. bxc5
bxc5 15. Rb1 Nd6 16. Bxf6 Bxf6 17. Qb3 c4 18. Qc2 Nb5 19. Rb4 a5 20. Rb2
Qc7 21. a4 Nd6 22. Ne5 Bxe5 23. dxe5 Nb7 24. Bf3 Bc6 25. e4 e6 26. exd5
exd5 27. Bg2 Nc5 28. Nf3 Bxa4 29. Qe2 Rfe8 30. Rfb1 Bb3 31. Rd2 Ne4 32. Qe3
Nxd2 33. Qxd2 Rad8 34. Qh6 Rxe5 35. Nxe5 Qxe5 36. Qd2 a4 37. Re1 Qf6 38.
Bxd5 g5 39. h4 h6 40. hxg5 hxg5 41. Re3 Kf8 42. Re4 a3 43. Rd4 a2 44. Qc1
Qa6 45. Qxg5 a1=Q+ 46. Kg2 Q1a5 47. Qe5 Qh6 0-1

[Event "XXXVI Capablanca Mem Premier II"]
[Site "Havana CUB"]
[Date "2001.05.08"]
[Round "4"]
[White "Matamoros Franco,C"]
[Black "Perez Candelario,M"]
[Result "0-1"]
[WhiteElo "2467"]
[BlackElo "2397"]
[EventDate "2001.05.05"]

1. c4 f5 2. g3 Nf6 3. Bg2 g6 4. b4 Bg7 5. Bb2 d6 6. d4 c6 7. Nf3 O-O 8. O-O
Na6 9. Qb3 Nc7 10. Nc3 Kh8 11. d5 e5 12. dxc6 bxc6 13. c5 Be6 14. Qa4 a5
15. Qxc6 Ra6 16. Qb7 axb4 17. Qxb4 dxc5 18. Qxc5 Nd7 19. Qe3 e4 20. Nd4 Nb6
21. Nxe6 Nxe6 22. Rad1 Qc8 23. Ba1 Nc4 24. Qc1 Rc6 25. Qb1 Qa8 26. Nd5 Ne5
27. Rd2 Rd8 28. Rfd1 Qa7 29. Nf4 Rxd2 30. Rxd2 Qc7 31. Qd1 Nf8 32. Rd8 Ned7
33. Bxg7+ Kxg7 34. Qd4+ Kh6 35. Re8 g5 36. Nd5 Qd6 37. h4 Ne6 38. hxg5+
Nxg5 39. Rg8 Ne5 40. Ne3 Rc1+ 41. Kh2 Qxd4 42. Nxf5+ Kh5 43. Rxg5+ Kxg5 44.
Nxd4 Ng4+ 45. Kh3 Nxf2+ 46. Kh2 Ra1 47. Ne6+ Kf5 48. Nf4 Rxa2 49. Kg1 Nd1
50. Bh3+ Ke5 51. Kg2 Nc3 52. Kf2 Rb2 53. Bg4 Nd1+ 54. Kg1 Ne3 55. Bh3 Nd5
56. Nxd5 Kxd5 57. Kf2 Kd4 58. Bf5 Rb7 59. g4 Rf7 60. Kg3 Ke3 61. Kh4 Re7
62. Kg5 Kxe2 63. Kf6 e3 64. Kxe7 Kd2 65. Bxh7 e2 66. g5 e1=Q 67. Kf7 Qf2+
68. Kg8 Ke3 69. g6 Qf6 70. g7 Kf4 71. Kh8 Kg5 0-1

[Event "XXXVI Capablanca Mem Premier II"]
[Site "Havana CUB"]
[Date "2001.05.10"]
[Round "5"]
[White "Perez Candelario,M"]
[Black "De la Paz,F"]
[Result "1/2-1/2"]
[WhiteElo "2397"]
[BlackElo "2437"]
[EventDate "2001.05.05"]

1. e4 e5 2. Nf3 Nc6 3. d4 exd4 4. Nxd4 Bc5 5. Nxc6 Qf6 6. Qd2 bxc6 7. Nc3
Ne7 8. Qf4 Qe6 9. Bd3 d6 10. Bd2 O-O 11. Qg3 Rb8 12. b3 Bd4 13. O-O Kh8 14.
Rae1 Ng6 15. Kh1 Qg4 16. Qxg4 Bxg4 17. f4 Bd7 18. h3 Rbe8 19. g4 f6 20. Kh2
Re7 21. Kg3 Rfe8 22. a4 Bxc3 23. Bxc3 c5 24. h4 Bc6 25. h5 Nf8 26. g5 Nd7
27. h6 Bxe4 28. Rxe4 Rxe4 29. Rg1 d5 30. Bxe4 Rxe4 31. Kf3 Re7 32. gxf6
gxf6 33. Bb2 d4 34. c3 Re3+ 35. Kf2 Rd3 36. Rg7 Nf8 37. Ke2 Rh3 38. Kd2
Rxh6 39. Rxc7 Ne6 40. Rxa7 Rh2+ 41. Kc1 Nxf4 42. Kb1 Nd3 43. Ba1 Rh1+ 44.
Ka2 Nc1+ 45. Ka3 d3 46. Rd7 Ne2 47. Bb2 Nd4 48. cxd4 d2 49. dxc5 d1=Q 50.
Bxf6+ Kg8 51. Rxd1 Rxd1 52. Kb4 Kf7 53. Be5 Ke6 54. Bb8 Rd8 55. Bc7 Rd7 56.
Bh2 Kd5 57. Ka5 Kc6 58. Kb4 Rd4+ 59. Kc3 Rh4 60. Bd6 Kd5 61. b4 h5 62. b5
Rxa4 63. Kd3 h4 64. Ke2 Ra2+ 65. Kf1 Rb2 66. b6 h3 67. Kg1 Ke4 68. Bc7 Kd5
69. Bd6 Rg2+ 70. Kh1 Kc6 71. Be7 Rb2 72. Bd6 Kd5 73. Kg1 h2+ 74. Kh1 Kc6
75. Be7 Re2 76. Bd6 Rf2 77. Bxh2 Kxc5 78. b7 Rb2 79. b8=Q Rxb8 80. Bxb8
1/2-1/2

[Event "XXXVI Capablanca Mem Premier II"]
[Site "Havana CUB"]
[Date "2001.05.10"]
[Round "5"]
[White "Perez,Lu"]
[Black "Matamoros Franco,C"]
[Result "0-1"]
[WhiteElo "2386"]
[BlackElo "2467"]
[EventDate "2001.05.05"]

1. e4 e6 2. d4 d5 3. Nd2 c5 4. Ngf3 cxd4 5. exd5 Qxd5 6. Bc4 Qd6 7. O-O Nf6
8. Nb3 Nc6 9. Nbxd4 Nxd4 10. Nxd4 a6 11. b3 Qc7 12. Re1 Bd6 13. Nf3 b5 14.
Bd3 Bb7 15. h3 O-O 16. Bb2 Nd5 17. Ne5 Rad8 18. Qh5 f5 19. Qg5 Nc3 20. Qg3
Be4 21. f4 Bxe5 22. fxe5 Bxd3 23. cxd3 Qb6+ 24. Kh1 Nd5 25. a3 f4 26. Qf3
Ne3 27. Rac1 Rxd3 28. Rc6 Qd8 29. Bc1 Nc2 0-1

[Event "XXXVI Capablanca Mem Premier II"]
[Site "Havana CUB"]
[Date "2001.05.10"]
[Round "5"]
[White "Zapata,A"]
[Black "Gonzalez,Y"]
[Result "1-0"]
[WhiteElo "2492"]
[BlackElo "2426"]
[EventDate "2001.05.05"]

1. e4 c5 2. Nf3 d6 3. d4 cxd4 4. Nxd4 Nf6 5. Nc3 a6 6. Bc4 e6 7. O-O b5 8.
Bb3 Nbd7 9. Re1 Qb6 10. a4 bxa4 11. Bxa4 Bb7 12. Nd5 exd5 13. exd5+ Kd8 14.
Nc6+ Bxc6 15. Bxc6 Rc8 16. Bd2 Rxc6 17. dxc6 Qxc6 18. Qe2 Qb5 19. c4 Qc6
20. b4 Kc7 21. b5 axb5 22. cxb5 Qd5 23. b6+ Kb8 24. b7 Nc5 25. Ra8+ Kxb7
26. Qb5+ 1-0

[Event "XXXVI Capablanca Mem Premier II"]
[Site "Havana CUB"]
[Date "2001.05.10"]
[Round "5"]
[White "Garcia,Os"]
[Black "Wohl,A"]
[Result "0-1"]
[WhiteElo "2300"]
[BlackElo "2418"]
[EventDate "2001.05.05"]

1. e4 e6 2. d4 d5 3. e5 c5 4. c3 Nc6 5. Nf3 Nge7 6. a3 cxd4 7. cxd4 Nf5 8.
b4 Qb6 9. Bb2 Bd7 10. Be2 Be7 11. O-O O-O 12. Qd3 f6 13. Nbd2 Be8 14. Nb3
Bg6 15. Qd2 fxe5 16. dxe5 a5 17. b5 a4 18. g4 Nh6 19. Nbd4 Na5 20. h3 Nc4
21. Bxc4 dxc4 22. Ng5 Rfd8 23. Rfd1 Bxg5 24. Qxg5 Bd3 25. Qe3 Rd5 26. Rac1
Nf7 27. Ba1 Rxe5 28. Qd2 Rd5 29. Qc3 Ne5 30. Re1 Qxd4 31. Rxe5 Qxc3 32.
Bxc3 Rxe5 33. Bxe5 Ra5 34. Bc3 Rxb5 35. Bb4 e5 36. f3 Kf7 37. Kf2 Ke6 38.
Ke3 Kd5 39. Re1 Rb6 40. Kd2 Rh6 41. Bc3 Re6 42. h4 g6 43. g5 e4 44. fxe4+
Bxe4 45. Re2 Rd6 46. Ke3 Bd3 47. Re1 Rd7 48. Kd2 Be4 49. Ke3 b5 50. Rd1+
Bd3 51. Re1 Rf7 52. Bf6 b4 53. axb4 a3 54. Ra1 Ra7 55. b5 Ra8 56. b6 a2 57.
Re1 Rb8 58. Kd2 Rxb6 59. Re5+ Kd6 60. Ra5 Bb1 61. Kc3 Rb5 62. Ra8 Rb8 63.
Ra5 Rc8 64. Kb4 Ke6 65. Re5+ Kd6 66. Ra5 Rc6 67. Be5+ Kd7 68. Bc3 Kc7 69.
Ra7+ Kd6 70. Ra5 Ke6 71. Re5+ Kd7 72. Ra5 Re6 73. Kxc4 Re4+ 74. Kd5 Rxh4
75. Ra7+ Kc8 76. Be5 Rh1 77. Ke6 Re1 78. Kf6 Re2 79. Rc7+ Kb8 0-1

[Event "XXXVI Capablanca Mem Premier II"]
[Site "Havana CUB"]
[Date "2001.05.10"]
[Round "5"]
[White "Arizmendi Martinez,J"]
[Black "Gomez,Fe"]
[Result "1-0"]
[WhiteElo "2478"]
[BlackElo "2462"]
[EventDate "2001.05.05"]

1. e4 e5 2. Nf3 Nc6 3. Bb5 f5 4. Nc3 fxe4 5. Nxe4 Nf6 6. Qe2 d5 7. Nxf6+
gxf6 8. d4 Bg7 9. dxe5 O-O 10. Bxc6 bxc6 11. e6 Re8 12. O-O Rxe6 13. Qd3 c5
14. Rd1 c6 15. c4 Ba6 16. b3 f5 17. Rb1 Qe7 18. Bg5 Qf8 19. Qc2 h6 20. Be3
d4 21. Bf4 Re4 22. Qd2 Rae8 23. Ne1 Qf6 24. Nd3 Bf8 25. Qa5 Bc8 26. Qxa7
Rxf4 27. Nxf4 Qg5 28. Qc7 Rd8 29. h4 Qxh4 30. Rd3 Qe7 31. Rg3+ Kh7 32. Nh5
Bd7 33. Kf1 d3 34. Rxd3 Kh8 35. Re1 1-0

[Event "XXXVI Capablanca Mem Premier II"]
[Site "Havana CUB"]
[Date "2001.05.11"]
[Round "6"]
[White "De la Paz,F"]
[Black "Herrera,I"]
[Result "0-1"]
[WhiteElo "2437"]
[BlackElo "2432"]
[EventDate "2001.05.05"]

1. e4 c5 2. Nf3 d6 3. d4 cxd4 4. Nxd4 Nf6 5. Nc3 a6 6. Bg5 e6 7. f4 Qb6 8.
Nb3 Nbd7 9. Be2 Be7 10. Qd2 Qc7 11. Bf3 h6 12. Bxf6 Bxf6 13. O-O-O Bxc3 14.
bxc3 Ke7 15. Qe1 a5 16. Qh4+ Ke8 17. Nd4 Qc5 18. Nxe6 Qe3+ 19. Rd2 g5 20.
fxg5 fxe6 21. Bh5+ Kd8 22. gxh6+ Kc7 23. e5 d5 24. c4 Qxe5 25. Qg3 Rxh6 26.
Qxe5+ Nxe5 27. Be2 Nxc4 28. Bxc4 dxc4 29. g4 Bd7 30. h4 Rg8 31. Rd4 Bc6 32.
Rh2 b5 33. Rf4 e5 0-1

[Event "XXXVI Capablanca Mem Premier II"]
[Site "Havana CUB"]
[Date "2001.05.11"]
[Round "6"]
[White "Gomez,Fe"]
[Black "Bellon Lopez,JM"]
[Result "0-1"]
[WhiteElo "2462"]
[BlackElo "2429"]
[EventDate "2001.05.05"]

1. d4 c5 2. d5 e5 3. e4 Nf6 4. Nc3 d6 5. Bb5+ Nbd7 6. a4 Be7 7. f4 exf4 8.
Bxf4 O-O 9. Nf3 a6 10. Bd3 Nh5 11. Be3 Ndf6 12. O-O Ng4 13. Bc1 g6 14. h3
Ne5 15. Bh6 Ng7 16. Nxe5 dxe5 17. Qd2 f5 18. exf5 gxf5 19. Bc4 Bd6 20. Bg5
Qe8 21. Rae1 Bd7 22. a5 Qg6 23. Be7 Rfe8 24. Bxd6 Qxd6 25. Qg5 Kh8 26. Rf3
Rg8 27. Rfe3 Rae8 28. Kh1 Re7 29. Qh4 Ne8 30. Rg3 Rxg3 31. Qxg3 Nf6 32. Qh4
Rg7 33. Qh6 Be8 34. Qh4 Bd7 35. Qh6 f4 36. Rf1 Bf5 37. Rf2 Rg6 38. Qh4 Ng4
39. Re2 Ne3 40. Bd3 Bxd3 41. Rxe3 fxe3 42. cxd3 Qf6 43. Qe4 Qf1+ 44. Kh2
Qf4+ 45. Kg1 Rf6 46. Qxf4 Rxf4 47. Ne2 Rf2 48. Nc3 Kg7 49. d6 Kf7 50. Nd5
Ke6 51. Nxe3 Rxb2 52. Kf1 Rd2 53. Nd5 Kxd6 0-1

[Event "XXXVI Capablanca Mem Premier II"]
[Site "Havana CUB"]
[Date "2001.05.11"]
[Round "6"]
[White "Otero,D"]
[Black "Arizmendi Martinez,J"]
[Result "0-1"]
[WhiteElo "2416"]
[BlackElo "2478"]
[EventDate "2001.05.05"]

1. e4 c5 2. c3 g6 3. d4 cxd4 4. cxd4 d5 5. exd5 Nf6 6. Nc3 Nxd5 7. Bc4 Nb6
8. Bb3 Bg7 9. Nf3 O-O 10. O-O Nc6 11. Be3 Na5 12. Bc2 Nac4 13. b3 Nd6 14.
Rc1 Bf5 15. Qd2 Rc8 16. h3 Qd7 17. Ne5 Qe6 18. Rfe1 Bxc2 19. Rxc2 Nd5 20.
Bg5 Nxc3 21. Rxc3 Rxc3 22. Qxc3 Rc8 23. Qa5 Nf5 24. d5 Qd6 25. Nc4 Qc5 26.
Qxc5 Rxc5 27. d6 exd6 28. Re8+ Bf8 29. g4 Ng7 0-1

[Event "XXXVI Capablanca Mem Premier II"]
[Site "Havana CUB"]
[Date "2001.05.11"]
[Round "6"]
[White "Gonzalez,Y"]
[Black "Garcia,Os"]
[Result "1-0"]
[WhiteElo "2426"]
[BlackElo "2300"]
[EventDate "2001.05.05"]

1. e4 e5 2. Nf3 Nc6 3. Bb5 f5 4. d3 fxe4 5. dxe4 Nf6 6. O-O Bc5 7. Bxc6
bxc6 8. Nxe5 O-O 9. Bg5 Qe8 10. Bxf6 Rxf6 11. Nd3 Bd4 12. c3 Bb6 13. Nd2
Ba6 14. c4 d5 15. e5 Rh6 16. Rc1 Rh4 17. b3 dxc4 18. Nxc4 Qg6 19. Qe2 Rg4
20. Ne1 Qe6 21. h3 Rg6 22. Kh2 Rf8 23. f4 Bxc4 24. Qxc4 Be3 25. Rc3 Bd2 26.
Qxe6+ Rxe6 27. Rcf3 Rd8 28. Nd3 Rd5 29. R1f2 Ba5 30. f5 Re8 31. Rg3 Red8
32. Rff3 Kh8 33. h4 Bc3 34. e6 Bf6 35. Kh3 Rd4 36. Nf4 Rd1 37. Kg4 R8d4 38.
Re3 h5+ 39. Kxh5 Rxf4 40. Kg6 Rxh4 41. Kf7 Rd5 42. Rgf3 Kh7 43. Rh3 Kh6 44.
Rxh4+ Bxh4 45. e7 Bxe7 46. Kxe7 Rd2 47. a4 Rxg2 48. Kd7 Kg5 49. Kxc7 Kf4
50. Rc3 Kxf5 51. Kb7 g5 52. Kxa7 g4 53. Kb6 Rf2 54. b4 Ra2 55. Ka5 Kf4 56.
Rxc6 g3 57. Rg6 Re2 58. b5 Re5 59. Rxg3 Kxg3 60. Ka6 Kf4 61. b6 Re6 62. Kb5
Re1 63. a5 Ke5 64. b7 Kd5 65. Kb6 Rb1+ 66. Kc7 Ra1 67. b8=Q Rxa5 68. Qg8+
Kc5 69. Qg5+ Kb4 70. Qd2+ Kb5 71. Qb2+ Kc4 72. Kb6 Rd5 73. Qc2+ Kd4 74. Kc6
Re5 75. Qd2+ Ke4 76. Kd6 Rf5 77. Qb4+ Ke3 78. Ke6 Rf4 79. Qe1+ Kd3 80. Qb1+
Kd2 81. Ke5 Rc4 82. Qf1 Kc3 83. Qa1+ Kd3 84. Qf1+ Kc3 85. Kd5 Rd4+ 86. Kc5
Rd3 87. Qc1+ 1-0